Tunnettuja diktaattoreita #1 - Statistics

Yleistilastot
  • Tätä visaa on pelattu 1 679 kertaa
  • Keskiarvotulos 10 / 22
Vastaustilastot
Diktaattori Valtio % Oikein
Adolf Hitler Saksa
100%
Benito Mussolini Italia
96%
Mao Zedong Kiina
89%
Kim Jong-il Pohjois-Korea
88%
Napoléon Bonaparte Ranska
87%
Saddam Hussein Irak
72%
Fidel Castro Kuuba
71%
Francisco Franco Espanja
59%
Leonid Brežnev Neuvostoliitto
48%
Nicolae Ceaușescu Romania
47%
Josip Broz Tito Jugoslavia
45%
Muammar Gaddafi Libya
41%
Augusto Pinochet Chile
34%
Idi Amin Uganda
32%
Mobutu Sese Seko Zaire
26%
Hosni Mubarak Egypti
21%
François "Papa Doc" Duvalier Haiti
21%
Robert Mugabe Zimbabwe
19%
Ferdinand Marcos Filippiinit
17%
Manuel Noriega Panama
15%
Rafael Trujillo Dominikaaninen tasavalta
8%
Sulla Rooman valtakunta
8%
Ehtoja vastaavia visoja ei löytynyt
Tulosjakauma
Jokaisen tuloksen saaneiden osuus
Persentiili vastausten määrän mukaan
Tuloshistoriasi
Et ole pelannut tätä visaa